| 000 | 005930000a22001690004500 | ||
|---|---|---|---|
| 090 |
_aAR _b02485 |
||
| 245 | 1 | 0 | _aNew subspecies of harvest mouse, Reithrodontomys gracilis, from isla del Carmen, Campeche |
| 650 | 1 | 4 |
_aTaxonomía animal _98245 |
| 650 | 1 | 4 |
_aRoedores _97408 |
| 650 | 1 | 4 |
_aNuevas subespecies _993107 |
| 651 | 4 |
_dIsla del Carmen _dCampeche _pMéxico _992749 |
|
| 653 |
_gReithrodontomys _eReithrodontomys gracilis |
||
| 041 | 0 | _aInglés | |
| 100 | 1 |
_aJones, J. Knox _99498 |
|
| 942 | _cARTICULO | ||
| 773 | 1 |
_tProceedings of the Biological Society of Washington _341 _q123-124 _d1964 _g77 |
|
| 999 |
_c11552 _d11552 |
||